Statistics for European Languages with the most speakers

Click here to take the quiz!

General Stats

  • This quiz has been taken 55 times
  • The average score is 13 of 15

Answer Stats

SpeakersLanguage% Correct
97,000,000German
100%
65,000,000Italian
100%
81,000,000French
98%
47,000,000Spanish
98%
106,000,000Russian
96%
63,000,000English
94%
38,500,000Polish
92%
22,000,000Dutch
88%
32,600,000Ukrainian
88%
11,100,000Swedish
87%
13,500,000Greek
83%
24,000,000Romanian
83%
13,000,000Hungarian
73%
15,752,673Turkish
73%
14,000,000Bavarian
8%

Score Distribution

Percentile by Number Answered

Percent of People with Each Score

Your Score History

You have not taken this quiz